• 首页
  • 本馆介绍
  • 公告通知
  • 最新文献
  • 馆藏检索
  • 电子资源
  • 读者导购
  • 参考咨询
  • 我的图书馆
  • 登录
  • 详细信息显示
  • 放入我的书架
  • 预约/预借图书
  • 作者相关作品
  • 分类相关作品
  • 丛书相关作品
  • 出版社相关作品

书目信息

  • 表格格式
  • 工作单格式
  • 卡片格式
题名:
电子显示器
    
 
作者: 谢尔 , Shrr 著 ;孙大高 译
分册:  
出版信息: 北京   科学出版社  1984
页数: 613页
开本: 21cm
丛书名:
单 册:
中图分类: TN873 , TN141
科图分类:
主题词: 显示器 , 电子束管 , X射线管 , 阴级射线管
电子资源:
ISBN:
000 00877nam0 2200337 45
001 0184016534
005 20040520081638.9
010    @dCNY3.60
091    @a15031.577
100    @a19950614d1984 em y0chiy0121 ea
101 1  @achi@ceng
102    @aCN@b110000
105    @ay z 000yy
106    @ar
200 10 @a电子显示器@Adian zi xian shi qi@f(美)谢尔(S.Shrr)著@g孙大高译
210    @a北京@c科学出版社@d1984
215    @a613页@d21cm
300    @a书名原文:Electronic displays
510 1  @aElectronic displays@zeng
606    @a显示器
606 0  @a电子束管
606 0  @aX射线管
606 0  @a阴级射线管
690    @aTN873@v3 
690    @aTN141
701  1 @a谢尔@Axie er@bS.@4著
701 A1 @aShrr@bS.@4著
702  0 @a孙大高@Asun da gao@4译
801  0 @aCN@b上海图书馆@c20040520
801  2 @aCN@bNLC@c20040520
905    @f1@b126193@dTN141@e6
    
    电子显示器/(美)谢尔(S.Shrr)著/孙大高译.-北京:科学出版社,1984
    613页;21cm
    书名原文:Electronic displays
    
    ISBN :CNY3.60
    
●
相关链接 在E读中查询图书 在五车中查询图书 在当当中查询图书 在豆瓣中查询图书


正题名:电子显示器     索取号:TN141/6         预约/预借

序号 登录号 条形码 馆藏地/架位号 状态 备注
1 0126193   001350022   第三借阅区/ [索取号:TN141/6] 在馆    
2 0126194   001350013   第二样本阅览室/ [索取号:TN141/6] 在馆    
唐山师范学院图书馆 欢迎您!
大连网信软件有限公司© 版权所有